000 00914nam0a22002411 4500
001 rc\4768860
005 20250613070151.0
035 _a(NLR Aleph) 009000254
090 _a9302518
_c9302518
100 _a20130417d1962 |||y0rusy50 ca
101 0 _arus
102 _aRU
105 _ay z |||||
200 1 _aБесстолкновительные ударные волны в плазме, помещенной в слабое магнитное поле
_fИн-т ядерной физики СО АН СССР
210 _aНовосибирск
_cБ. и.
_d1962
215 _a12 с.
_cграф.
_d29
700 1 _aМоисеев
_bС.С.
_gСемен Самойлович
701 1 _7ca
_8rus
_aСагдеев
_bР. З.
_f1932-
_gРоальд Зиннурович
_9260081
_3RU\NLR\AUTH\770260137
801 0 _aRU
_bNLR
_gpsbo
801 1 _aRU
_bELAR
_2rusmarc
852 _aNLR
_j62-8/2267
942 _cBOOK
980 _aNB